Business Enviroment and Technological Innovation-Emerging Trends/ (Record no. 210758)

MARC details
000 -LEADER
fixed length control field 00789nam a22002297a 4500
005 - DATE AND TIME OF LATEST TRANSACTION
control field 20250403161017.0
010 ## - LCCN (DPL NO)
LC control number ENG-144506
020 ## - INTERNATIONAL STANDARD BOOK NUMBER
Terms of availability 850.00
International Standard Book Number 9789390996438
035 ## - SYSTEM CONTROL NUMBER
System control number EN-128038
037 ## - SOURCE OF ACQUISITION
Source of stock number/acquisition DBAD
082 ## - DEWEY DECIMAL CLASSIFICATION NUMBER
Classification number 363
100 ## - MAIN ENTRY--PERSONAL NAME
Personal name C Suresh
245 ## - TITLE STATEMENT
Title Business Enviroment and Technological Innovation-Emerging Trends/
Statement of responsibility, etc C Suresh...[et.al]
250 ## - EDITION STATEMENT
Edition statement 1
260 ## - PUBLICATION, DISTRIBUTION, ETC. (IMPRINT)
Name of publisher, distributor, etc Archers & Elevators Publishing House
Place of publication, distribution, etc Bangalore
Date of publication, distribution, etc 2021
270 ## - ADDRESS
Address 131 AGB Lay Out, 6"Cross, Hesaraghatta,Main Road
City Bangalore
Postal code 560090
Telephone number 9164362263
Electronic mail address archerselevators@gamail.com
300 ## - PHYSICAL DESCRIPTION
Extent 202p.
Dimensions 25cm(pb)
700 ## - ADDED ENTRY--PERSONAL NAME
Personal name M. Ganesh Babu
Relator term Author
9 (RLIN) 80245
700 ## - ADDED ENTRY--PERSONAL NAME
Personal name Somani, Parin
Relator term Author
9 (RLIN) 80246
700 ## - ADDED ENTRY--PERSONAL NAME
Personal name Nagarjuna, B.
Relator term Author
9 (RLIN) 80247
942 ## - ADDED ENTRY ELEMENTS (KOHA)
Source of classification or shelving scheme Dewey Decimal Classification
Item type English Books
Classification part 363
Call number suffix CSU
Holdings
Withdrawn status Lost status Not for loan Collection code Home library Current library Date acquired Source of acquisition Cost, normal purchase price Full call number Barcode Copy number Cost, replacement price Koha item type
      Non-fiction Ashok Vihar Ashok Vihar 03/04/2025 Delivery of Books Act Division 850.00 363 CSU EN-128038 1 850.00 English Books

© Delhi Public Library
Hit Counter
free hit counter